00669nam a2200241 a 4500001001300000003000900013005001700022008004100039020001000080082001500090100002200105245002200127260002300149300000800172500003500180505001700215650002800232700002200260902000800282942000700290952011500297999001500412nice12345678IN_TiNIC20260116011843.0050524s1957 lona grp 000 0 eng  ac10000a242.4bFIE aFielder, Arthur J aHealing Your Body aLondonbSpckc1957 a14p aincludes index and biblioraphy2 aNotes, Index aMeditation-Christianity1 aFielder, Arthur J bSRS cBK 001040708StackRoom-aHMIbHMId2007-07-05g100.00l0o242.4 FIEp05499r2007-07-05v100.00w2005-05-24yBK c4470d4470